| 000 | 00746nam a22002537a 4500 | ||
|---|---|---|---|
| 999 |
_c92324 _d92324 |
||
| 003 | NALT | ||
| 005 | 20170613010741.0 | ||
| 008 | 170511s2017 xxua 000 0 eng d | ||
| 020 | _a9781119341208 (cloth) | ||
| 040 | _aNALT | ||
| 050 |
_aHF 5415 _bK683 2017 |
||
| 100 | 1 | _aKotler, Philip. | |
| 245 | 1 | 0 |
_aMarketing 4.0 : _bmoving from traditional to digital / _cPhilip Kotler, Hermawan Kartajaya, Iwan Setiawan |
| 246 | 1 | 8 | _aMarketing 4.0 |
| 260 |
_aHoboken, New Jersey : _bJohn Wiley & Sons, _cc2017. |
||
| 300 |
_axvii, 184 p. : _bill. ; _c24 cm. |
||
| 650 | 0 | _aMarketing. | |
| 650 | 0 | _aInternet marketing. | |
| 700 | 1 | _aKartajaya, Hermawan. | |
| 700 | 1 | _aSetiawan, Iwan. | |
| 850 | _aNALT | ||
| 942 |
_2lcc _cGB |
||
| 998 | _aDAO | ||